书目信息 |
| 题名: |
木产品质量检验与控制
|
|
| 作者: | 朱玉杰 , 董春芳 , 白玉梅 编著 | |
| 分册: | ||
| 出版信息: | 北京 化学工业出版社 2011.11 |
|
| 页数: | 279页 | |
| 开本: | 24cm | |
| 丛书名: | ||
| 单 册: | ||
| 中图分类: | TS664.07 | |
| 科图分类: | ||
| 主题词: | 木制品--质量检验 , 木制品--质量控制 , 木制品 , 质量检验 , 质量控制 | |
| 电子资源: | ||
| ISBN: | 978-7-122-12305-3 | |
| 000 | 01118nam0 2200301 45 | |
| 001 | 1338871453 | |
| 005 | 20130514152504.76 | |
| 010 | @a978-7-122-12305-3@dCNY68.00 | |
| 100 | @a20130108d2011 em y0chiy50 ea | |
| 101 | 0 | @achi |
| 102 | @aCN@b110000 | |
| 105 | @aak z 000yy | |
| 106 | @ar | |
| 200 | 1 | @a木产品质量检验与控制@AMu Chan Pin Zhi Liang Jian Yan Yu Kong Zhi@f朱玉杰,董春芳,白玉梅编著@FZhu Yu Jie, Dong Chun Fang, Bai Yu Mei Bian Zhu |
| 210 | @a北京@c化学工业出版社@d2011.11 | |
| 215 | @a279页@c图@d24cm | |
| 330 | @a本书以一般产品质量检验与控制的理论知识为基础,以木产品质量检验与控制为导向,全面系统地阐述了产品质量与质量管理、产品质量检验理论与方法、产品质量控制及其常用技术、木材基础知识、原木产品质量检验、木家具质量检验等内容。 | |
| 606 | 0 | @a木制品@x质量检验 |
| 606 | 0 | @a木制品@x质量控制 |
| 606 | 0 | @a木制品 |
| 606 | 0 | @a质量检验 |
| 606 | 0 | @a质量控制 |
| 690 | @aTS664.07@v5 | |
| 701 | 0 | @a朱玉杰@AZhu Yu Jie@4编著 |
| 701 | 0 | @a董春芳@ADong Chun Fang@4编著 |
| 701 | 0 | @a白玉梅@ABai Yu Mei@4编著 |
| 801 | @aCN@bTANGWEI@c20130108 | |
| 905 | @b0828931-35@dTS664.07@e49@f5 | |
| 木产品质量检验与控制/朱玉杰,董春芳,白玉梅编著.-北京:化学工业出版社,2011.11 |
| 279页:图;24cm |
| ISBN 978-7-122-12305-3:CNY68.00 |
| 本书以一般产品质量检验与控制的理论知识为基础,以木产品质量检验与控制为导向,全面系统地阐述了产品质量与质量管理、产品质量检验理论与方法、产品质量控制及其常用技术、木材基础知识、原木产品质量检验、木家具质量检验等内容。 |
| ● |
| 相关链接 |
|
|
|
|
正题名:木产品质量检验与控制
索取号:TS664.07/49
 
预约/预借
| 序号 | 登录号 | 条形码 | 馆藏地/架位号 | 状态 | 备注 |
| 1 | 0828931 | 208289314 | 第二样本阅览室/ [索取号:TS664.07/49] | 在馆 | |
| 2 | 0828932 | 208289323 | 第三借阅区/ [索取号:TS664.07/49] | 在馆 | |
| 3 | 0828933 | 208289332 | 第三借阅区/ [索取号:TS664.07/49] | 在馆 | |
| 4 | 0828934 | 208289341 | 第三借阅区/ [索取号:TS664.07/49] | 在馆 | |
| 5 | 0828935 | 208289350 | 第三借阅区/ [索取号:TS664.07/49] | 在馆 |